000 00279nam a22001097a 4500
008 160630b xxu||||| |||| 00| 0 eng d
100 _91499
_a Johri, B.M., et al
245 _aGlimpses of Plant Life
260 _aNCERT
_c2001
300 _aGlimpses of Plant Life
942 _2ddc
_cBK
999 _c1237
_d1237